Estadísticas para Países que Limitan con Alemania

Haz click aquí para tomar la prueba!

Estadísticas generales

  • Esta prueba ha sido tomada 1,686 veces
  • La puntuación promedio es 8 de 9

Estadísticas de respuestas

Longitud País % Correcto
451 kmFrancia
97%
456 kmPolonia
96%
784 kmAustria
95%
577 kmPaíses Bajos
95%
334 kmSuiza
94%
167 kmBélgica
92%
68 kmDinamarca
92%
815 kmRepública Checa
90%
138 kmLuxemburgo
89%

Distribución de puntuación

Porcentaje por número respondido

Porcentaje de gente con cada puntuación

Historial de tus puntuaciones

No has tomado esta prueba